000 00215nam a2200097Ia 4500
008 190216s9999||||xx |||||||||||||| ||und||
100 _aNeela Abraham
245 0 _aIrumbazhikal
260 _bNbs Kottayam
942 _cBK
999 _c30397
_d30397